People on Time Covers 1993 - Statistics

General Stats
  • This quiz has been taken 17 times
  • The average score is 11 of 23
Answer Stats
Hint Answer % Correct
American politician who served as the US president from 1993 to 2001. He previously served as Governor of Arkansas from 1979 to 1981 and again from 1983 to 1992. Man of the Year for 1992 Bill Clinton
100%
American politician and diplomat who served as US secretary of state from 2009 to 2013, as a U.S. senator representing New York from 2001 to 2009, and as the first lady of the U.S. from 1993 to 2001. She was the Democratic party's nominee in the 2016 U.S. presidential election, Hillary Clinton
100%
An American politician and actor who served as US president from 1981 to 1989. He is considered one of the most prominent conservative figures in American history. Ronald Reagan
94%
Cuban revolutionary and politician who was the leader of Cuba from 1959 to 2008, serving as the prime minister of Cuba from 1959 to 1976 and president from 1976 to 2008. Fidel Castro
81%
American broadcaster and media personality. He is best known as a "shock jock" on his radio show, which gained popularity when it was nationally syndicated on terrestrial radio from 1986 to 2005. He has broadcast on Sirius XM Radio since 2006. Howard Stern
75%
American television host, comedian, writer and producer. He hosted late-night television talk shows for 33 years, David Letterman
69%
Soviet and Russian politician who served as President of Russia from 1991 to 1999. Boris Yeltsin
63%
American singer, musician, songwriter. He is the lead vocalist, primary lyricist, and one of three guitarists for the rock band Pearl Jam. Eddie Vedder
63%
Palestinian political leader. He was chairman of the Palestine Liberation Organization (PLO) from 1969 to 2004 and president of the Palestinian National Authority (PNA) from 1994 to 2004 Yasser Arafat
63%
Austrian neurologist and the founder of psychoanalysis. Sigmund Freud
56%
American lawyer and public official who served as the first female US attorney general. She held the position from 1993 to 2001, Janet Reno
50%
American conservative political commentator who was the host of his self titled show, which first aired in 1984 and was nationally syndicated on AM and FM radio stations from 1988 until his death in 2021. Rush Limbaugh
50%
American cult leader who played a central role in the Waco siege of 1993, where he was killed by ATF forces. As the head of the Branch Davidians,a religious sect and offshoot of the Seventh-day Adventists, he claimed to be its final prophet. David Koresh
44%
Israeli politician, statesman and general. He was the fifth prime minister of Israel, serving two terms in office, 1974–1977, and from 1992 until his assassination in 1995. Yitzhak Rabin
44%
American pathologist and euthanasia proponent. He publicly championed a terminal patient's right to die by physician-assisted suicide, and said that he assisted at least 130 patients to that end. He was convicted of murder in 1999 and was often portrayed in the media with the name of "Dr. Death". Jack Kevorkian
38%
American evangelist, an ordained Southern Baptist minister, and a civil rights advocate whose broadcast and live sermons became well known internationally in the mid-to-late 20th century. Billy Graham
31%
American businessman and executive who formerly served as COO in 1992, CEO from 1992 to 2000 and then chairman of the board of directors of General Motors from 1996 to 2000. John F Smith
13%
American businessman, who was Chairman and former CEO of Chrysler Corporation. Robert J Eaton
13%
American lawyer. Nominated as the first woman Attorney General of the United States, but she withdrew her nomination when it was discovered she had hired illegal aliens and failed to pay Social Security taxes for them Zoe Baird
13%
British-born businessman who served as the CEO of Ford Motor Company from 1993 to 1998. He was the first foreign-born chairman and CEO of a Big Three American automobile manufacturer. Alexander Trotman
6%
Egyptian citizen who is convicted as perpetrator of the 1993 World Trade Center bombing. Also know as Mahmud the Red Mahmud Abouhalima
6%
American veteran, former pilot, businessman, author, and political candidate. He was involved in the "Black Hawk Down" incident while serving as a U.S. Army pilot. Michael Durant
6%
Blind Egyptian Islamist militant, he and nine others were convicted of seditious conspiracy in 1995. His prosecution grew out of investigations of the 1993 World Trade Center bombing. Omar Abdel Rahman
6%
No matching quizzes found
Score Distribution
Percent of People with Each Score
Percentile by Number Answered
Your Score History
You have not taken this quiz